[Event "IECG CA.2001.0.00006"]
[Site "IECG email"]
[Date "2001.06.14"]
[Round "?"]
[White "Wu Lau, Siu Yu"]
[Black "Groffen, Hans"]
[Result "0-1"]
[WhiteElo "2100"]
[BlackElo "2190"]
[PlyCount "42"]
[EventDate "2001.06.14"]
[EventType "tourn (corr)"]
[EventRounds "6"]
[SourceTitle "Corr 2008"]
[Source "ChessBase"]
[SourceDate "2008.06.24"]
[SourceVersion "1"]
[SourceVersionDate "2008.06.24"]
[SourceQuality "1"]

1. e4 e6 2. d3 d5 3. Nd2 c5 4. Ngf3 Nc6 5. g3 g6 6. Bg2 Bg7 7. 0-0 Nge7 8. Re1 b6 9. Nf1 h6 10. c3 dxe4 11. dxe4 Qxd1 12. Rxd1 Ba6 13. Bf4 g5 14. Bd6 0-0-0 15. Ne3 Ng6 16. Rd2 Rd7 17. Rad1 Rhd8 18. a4 Na5 19. Bf1 Bxf1 20. Kxf1 g4 21. e5 gxf3 0-1

[Event "Mallorca-ch pref"]
[Site "Palma de Mallorca"]
[Date "2000.11.25"]
[Round "6"]
[White "Wu Lau, Siu Yu"]
[Black "Manresa Ballester, Guillermo"]
[Result "1/2-1/2"]
[WhiteElo "2113"]
[BlackElo "2001"]
[PlyCount "28"]
[EventDate "2000.??.??"]
[EventType "swiss"]
[EventRounds "8"]
[EventCountry "ESP"]
[SourceTitle "EXT 2003"]
[Source "ChessBase"]
[SourceDate "2002.11.25"]
[SourceVersion "1"]
[SourceVersionDate "2002.11.25"]
[SourceQuality "1"]

1. e4 e5 2. Nf3 Nc6 3. Bb5 a6 4. Ba4 Nf6 5. 0-0 Nxe4 6. d4 b5 7. Bb3 d5 8. dxe5 Be6 9. Nbd2 Nc5 10. c3 Be7 11. Bc2 d4 12. Nxd4 Nxd4 13. cxd4 Qxd4 14. Nf3 Qd7 1/2-1/2

[Event "IECC Y2KO email"]
[Site "IECC email"]
[Date "2000.10.26"]
[Round "?"]
[White "Wu Lau, Siu Yu"]
[Black "Delaire, Eric"]
[Result "0-1"]
[WhiteElo "2129"]
[BlackElo "1766"]
[PlyCount "72"]
[EventDate "2000.??.??"]
[EventType "tourn (corr)"]
[EventRounds "2"]
[SourceTitle "Corr 2008"]
[Source "ChessBase"]
[SourceDate "2008.06.24"]
[SourceVersion "1"]
[SourceVersionDate "2008.06.24"]
[SourceQuality "1"]

1. e4 e5 2. Nf3 Nf6 3. Nxe5 d6 4. Nf3 Nxe4 5. d4 d5 6. Bd3 Be7 7. 0-0 Nc6 8. c4 Nb4 9. cxd5 Nxd3 10. Qxd3 Qxd5 11. Re1 Bf5 12. Nc3 Nxc3 13. Qxc3 Be6 14. Qxc7 Bd6 15. Qc2 0-0 16. Bd2 Qh5 17. Qd3 Rac8 18. h3 Bc4 19. Qe3 f6 20. Bc3 Rfe8 21. Qd2 Bd5 22. Nh2 Rxe1+ 23. Rxe1 Bxa2 24. Ng4 Qf5 25. d5 Bf4 26. Qd4 Bxd5 27. Qxa7 Bc6 28. Qd4 h5 29. Ne3 Qg5 30. Re2 Re8 31. b4 Kh8 32. Qc5 Qg6 33. Rb2 Ra8 34. f3 Ra1+ 35. Kf2 h4 36. Nf5 Bh2 0-1

[Event "IECG CP.1999.P.00078"]
[Site "IECG email"]
[Date "1999.10.01"]
[Round "?"]
[White "De Sa Nobrega, Aurelio Agostinhio"]
[Black "Wu Lau, Siu Yu"]
[Result "1/2-1/2"]
[WhiteElo "1800"]
[BlackElo "2100"]
[PlyCount "86"]
[EventDate "1999.10.01"]
[EventType "tourn (corr)"]
[EventRounds "6"]
[EventCountry "VEN"]
[SourceTitle "Corr 2008"]
[Source "ChessBase"]
[SourceDate "2008.06.24"]
[SourceVersion "1"]
[SourceVersionDate "2008.06.24"]
[SourceQuality "1"]

1. d4 Nf6 2. c4 g6 3. Nc3 d5 4. cxd5 Nxd5 5. e4 Nxc3 6. bxc3 Bg7 7. Bb5+ c6 8. Ba4 0-0 9. Ne2 e5 10. 0-0 Nd7 11. Bb3 exd4 12. cxd4 Nf6 13. f3 Re8 14. Ba3 Be6 15. Bxe6 Rxe6 16. Qd2 Bf8 17. Bxf8 Qxf8 18. Rab1 Re7 19. Rfc1 Rd7 20. Rb3 Qe7 21. Qa5 Ne8 22. Qc5 Qxc5 23. Rxc5 Nf6 24. g4 Kg7 25. g5 Ng8 26. h4 Ne7 27. Rcc3 h6 28. a4 hxg5 29. hxg5 Rh8 30. a5 a6 31. Rc5 Nc8 32. Kg2 Na7 33. Rd3 Nb5 34. d5 cxd5 35. Rdxd5 Rxd5 36. Rxd5 Rc8 37. Nf4 Rc2+ 38. Kg3 Ra2 39. Rd7 Rxa5 40. Ne6+ Kg8 41. Nd8 Nc3 42. Rxb7 Rxg5+ 43. Kf4 f6 1/2-1/2

[Event "IECG CP.1999.P.00078"]
[Site "IECG email"]
[Date "1999.10.01"]
[Round "?"]
[White "Wu Lau, Siu Yu"]
[Black "Hanson, Andrew"]
[Result "1-0"]
[WhiteElo "2100"]
[BlackElo "2164"]
[PlyCount "65"]
[EventDate "1999.10.01"]
[EventType "tourn (corr)"]
[EventRounds "6"]
[EventCountry "VEN"]
[SourceTitle "Corr 2008"]
[Source "ChessBase"]
[SourceDate "2008.06.24"]
[SourceVersion "1"]
[SourceVersionDate "2008.06.24"]
[SourceQuality "1"]

1. e4 c6 2. d4 d5 3. exd5 cxd5 4. c4 Nf6 5. Nc3 Nc6 6. Bg5 e6 7. c5 Bd7 8. Bb5 Be7 9. Nf3 0-0 10. 0-0 Ne4 11. Bxe7 Nxe7 12. Qd3 Nxc3 13. Bxd7 Ne4 14. Ba4 Ng6 15. b4 h5 16. Bc2 f5 17. Rfc1 Nf4 18. Qe3 g5 19. h4 Qc7 20. hxg5 Ng6 21. Bd3 Kg7 22. b5 h4 23. c6 Rae8 24. cxb7 Qxb7 25. Rc6 Re7 26. Rac1 Rh8 27. Ne5 h3 28. Nxg6 Kxg6 29. g4 Qb8 30. gxf5+ Kxf5 31. Bxe4+ dxe4 32. R1c5+ Kg4 33. Re5 1-0